<?xml version="1.0" encoding="UTF-8"?><collection xmlns="info:lc/xmlns/marcxchange-v2"><record format="Unimarc" type="bibliographic"><leader>00618nam  2200205   450 </leader><controlfield tag="001">2355207</controlfield><controlfield tag="003">http://id.bnportugal.gov.pt/bib/porbase/2355207</controlfield><controlfield tag="005">20090318144600.0</controlfield><datafield ind1=" " ind2=" " tag="010"><subfield code="a">9780230203235</subfield></datafield><datafield ind1=" " ind2=" " tag="035"><subfield code="a">UCJPII_202.iso/13-12-2010/53741</subfield></datafield><datafield ind1=" " ind2=" " tag="035"><subfield code="a">264326</subfield></datafield><datafield ind1=" " ind2=" " tag="100"><subfield code="a">20090318d2008    km y0pory0103    ba</subfield></datafield><datafield ind1="0" ind2=" " tag="101"><subfield code="a">eng </subfield></datafield><datafield ind1=" " ind2=" " tag="102"><subfield code="a">US </subfield></datafield><datafield ind1="1" ind2=" " tag="200"><subfield code="a">Harry Potter</subfield><subfield code="e">the story of a Global Business Phenomenon</subfield><subfield code="f">Susan Gunelius</subfield></datafield><datafield ind1=" " ind2=" " tag="210"><subfield code="a">New York</subfield><subfield code="c">Palgrave MacMillan</subfield><subfield code="d">2008</subfield></datafield><datafield ind1=" " ind2=" " tag="215"><subfield code="a">XX, 194 p.</subfield><subfield code="d">30 cm</subfield></datafield><datafield ind1=" " ind2=" " tag="675"><subfield code="a">658.818</subfield><subfield code="v">2med</subfield><subfield code="z">fre</subfield></datafield><datafield ind1=" " ind2=" " tag="675"><subfield code="a">334.726</subfield><subfield code="v">2med</subfield><subfield code="z">fre</subfield></datafield><datafield ind1=" " ind2="1" tag="700"><subfield code="a">Gunelius</subfield><subfield code="b">Susan</subfield></datafield><datafield ind1=" " ind2="0" tag="801"><subfield code="a">PT</subfield><subfield code="b">UCJPII</subfield><subfield code="g">RPC</subfield></datafield></record></collection>